Представление документа в формате MARC21

Поле Инд. ПП Название Значение
Тип записи a
Библиографический уровень b
001 Контрольный номер RU/IS/BASE/322931437
005 Дата корректировки 20200630211036.5
008 Кодируемые данные 20100326
040 b Код языка каталог. rus
e Правила каталог. PSBO
041 0_ a Код языка текста rus
084 a Индекс другой классификации/Индекс ББК 60.524.224.026(4Фра); 60.51(4Фра)6; 60.561.37; 60.55; 66.03
245 11 a Заглавие [Слово молодому ученому]
b Продолж. заглавия [подборка статей]
504 a Библиография Библиогр. в конце статьи
505 a Форматированное содержание Становление системы с доминирующей партией в современной России
b Автор Буюк Т. Р.
505 0_ a Форматированное содержание Роль государства и общества в формировании основ гражданского общества
b Автор Заец Е. Н.
505 0_ a Форматированное содержание Школа медиологии: новый метод анализа системы взаимодействия "медиа - общество" во французской социологии массовой коммуникации
b Автор Романова И. И.
505 0_ a Форматированное содержание Репутация организации во время мирового финансового кризиса
b Автор Малахов Ф. В.
505 0_ a Форматированное содержание Общественное мнение как средство международной политики
b Автор Крикунова В. В.
505 0_ a Форматированное содержание Проблемы инновационной деятельности в современной России
b Автор Табатадзе Л. О.
650 14 a Основная рубрика история социологии
a Основная рубрика политика
a Основная рубрика политическая социология
a Основная рубрика политология
a Основная рубрика социология
a Основная рубрика социология организаций
653 1_ a Ключевые слова XX век
a Ключевые слова власть
a Ключевые слова внешняя политика
a Ключевые слова выборы
a Ключевые слова государство
a Ключевые слова гражданское общество
a Ключевые слова инновации
a Ключевые слова инновационная деятельность
a Ключевые слова массмедиа
a Ключевые слова массовые коммуникации
a Ключевые слова медиалогия
a Ключевые слова международные отношения
a Ключевые слова общественное мнение
a Ключевые слова общество
a Ключевые слова партийная система
a Ключевые слова политическая культура
a Ключевые слова политические системы
a Ключевые слова политические институты
a Ключевые слова политические партии
a Ключевые слова политические режимы
a Ключевые слова регулирование инновационной деятельности
a Ключевые слова репутация компании
a Ключевые слова репутация организации
a Ключевые слова Россия
a Ключевые слова социальные механизмы
a Ключевые слова социология международных отношений
a Ключевые слова управление репутацией компании
a Ключевые слова финансовый кризис
a Ключевые слова Франция
700 a Автор Буюк Т. Р.
a Автор Заец Е. Н.
a Автор Крикунова В. В.
a Автор Малахов Ф. В.
a Автор Романова И. И.
a Автор Табатадзе Л. О.
773 08 t Заглавие источника Вестник Московского университета. Серия 18, Социология и политология
d Дата издания источника 2009
g Прочая информация № 4. - С. 213 - 229
w Контрольный № источника RU/IS/BASE/317399284
901 t Тип документа b